|
|
|
|
| LEADER |
00718cam a2200193 7i4500 |
| 001 |
0000009986 |
| 005 |
20190613090000.0 |
| 020 |
|
|
|a 9780849334078
|
| 020 |
|
|
|a 0849334071 (hbk.)
|
| 090 |
0 |
0 |
|a TA347.F5
|b G67 2005
|
| 100 |
1 |
|
|a Gosz, Michael
|
| 245 |
1 |
0 |
|a Finite element methods :
|b applications in solids, structures and heat transfer
|c Michael Gosz.
|
| 260 |
|
|
|a London:
|b Taylor & Francis Group,
|c 2005.
|
| 300 |
|
|
|a xxiii, 400 p.:
|b ill.;
|c 24 cm.
|
| 490 |
0 |
|
|a Mechanical engineering
|
| 504 |
|
|
|a Includes bibliographical references and index
|
| 650 |
0 |
0 |
|a Finite elements method
|
| 997 |
|
|
|a Engineering & Life Sciences, Faculty
|b Engineering, Department
|
| 999 |
|
|
|a 0000014064
|b BOK
|c OPEN SHELF
|e 2nd Floor, Bestari Jaya
|